LEADER 02173nam 2200589I 450 001 9910704622803321 005 20240710221219.0 035 $a(CKB)5470000002443490 035 $a(OCoLC)856583678 035 $a(EXLCZ)995470000002443490 100 $a20130822d2012 ua 0 101 0 $aeng 135 $aurcn||||||||| 181 $ctxt$2rdacontent 182 $cc$2rdamedia 183 $acr$2rdacarrier 200 10$aDwell notch low cycle fatigue behavior of a powder metallurgy nickel disk alloy /$fJ. Telesman [and four others] 210 1$aCleveland, Ohio :$cNational Aeronautics and Space Administration, Glenn Research Center,$d[2012] 215 $a1 online resource (11 pages) $cillustrations 225 1 $aNASA/TM 2012-217691 300 $aTitle from title screen (viewed Aug. 21, 2013). 300 $a"December 2012." 300 $a"Prepared for the Superalloys 2012: The 12th International Symposium on Superalloys sponsored by the The Minerals, Metals & Materials Society (TMS). Champion, Pennsylvania, September 9-13, 2012." 320 $aIncludes bibliographical references (page 11). 606 $aCrack initiation$2nasat 606 $aDegradation$2nasat 606 $aDwell$2nasat 606 $aNotches$2nasat 606 $aPowder metallurgy$2nasat 606 $aHeat resistant alloys$2nasat 606 $aFatigue tests$2nasat 606 $aNickel alloys$2nasat 606 $aFailure$2nasat 615 7$aCrack initiation. 615 7$aDegradation. 615 7$aDwell. 615 7$aNotches. 615 7$aPowder metallurgy. 615 7$aHeat resistant alloys. 615 7$aFatigue tests. 615 7$aNickel alloys. 615 7$aFailure. 700 $aTelesman$b Jack$01398014 712 02$aNASA Glenn Research Center, 712 02$aUnited States.$bNational Aeronautics and Space Administration, 712 12$aInternational Symposium on Superalloys$d(12th :$f2012 :$eSeven Springs, Pa.) 801 0$bGPO 801 1$bGPO 906 $aBOOK 912 $a9910704622803321 996 $aDwell notch low cycle fatigue behavior of a powder metallurgy nickel disk alloy$94170136 997 $aUNINA LEADER 01602nas 2200505-- 450 001 9910384456903321 005 20260218110419.0 011 $a2214-6075 035 $a(DE-599)ZDB2202944-8 035 $a(CKB)954927667219 035 $a(CONSER)sn-84005302- 035 $a(DE-599)2202944-8 035 $a(EXLCZ)99954927667219 100 $a20751117a19749999 --- a 101 0 $aeng 181 $ctxt$2rdacontent 182 $cc$2rdamedia 183 $acr$2rdacarrier 200 00$aSingapore dental journal 210 $aSingapore$cSingapore Dental Association 210 $aSingapore $cElsevier 215 $a1 online resource 300 $aRefereed/Peer-reviewed 300 $aOfficial publication of the Singapore Dental Association. 311 08$aPrint version: Singapore dental journal. 0377-5291 (DLC)sn 84005302 (OCoLC)1838699 531 $aSINGAPORE DENT J 531 0 $aSingap. dent. j. 606 $aDentistry$zSingapore$vPeriodicals 606 $aDentistry$vPeriodicals 606 $aDentistry$2fast$3(OCoLC)fst00890633 606 $aDentistry$3https://id.nlm.nih.gov/mesh/D003813 607 $aSingapore$2fast$1https://id.oclc.org/worldcat/entity/E39PBJpV8D6qM4JGxDqvHvtYfq 608 $aPeriodicals.$2fast 608 $aPeriodical. 615 0$aDentistry 615 0$aDentistry 615 7$aDentistry. 615 2$aDentistry. 676 $a617.6005 712 02$aSingapore Dental Association. 906 $aJOURNAL 912 $a9910384456903321 920 $aexl_impl conversion 996 $aSingapore dental journal$91894895 997 $aUNINA